University education /

Сохранить в:
Библиографические подробности
Главный автор: Tappan, Henry Philip, 1805-1881.
Формат:
Язык:English
Опубликовано: London : Routledge/Thoemmes Press, 1994.
Предметы:
Метки: Добавить метку
Нет меток, Требуется 1-ая метка записи!
Thư viện lưu trữ: Mạng thư viện Đại học Đà Nẵng
LEADER 00813cam a2200325 i 4500
001 000049110
003 8839
005 20030314155227.0
008 010326|1994 vm 000 eng
020 |a 0415092574 
040 |a IRC  |c IRC  |d IRC 
041 0 |a eng 
082 1 4 |a 378  |b TA-H 
100 1 |a Tappan, Henry Philip,  |d 1805-1881. 
245 0 0 |a University education /  |c Henry P. Tappan. 
260 |a London :  |b Routledge/Thoemmes Press,  |c 1994. 
300 |a 120 p. ;  |c 22.3cm. 
630 0 4 |a Education. 
630 0 4 |a Higher education. 
650 0 4 |a Education, Higher. 
OWN |a DUT 
999 |a From the UDN01 
TYP |a Monograph 
TYP |a Printed language 
980 |a Mạng thư viện Đại học Đà Nẵng